The Cambridge introduction to modern British fiction, 1950-2000

Dominic Head demonstrates how the novel yields a special insight into important areas of social and cultural history in the second half of the twentieth-century. His study is the most exhaustive survey of post-war British fiction available. Placing novels in their social and historical context, it i...

Mô tả đầy đủ

Đã lưu trong:
Chi tiết về thư mục
Tác giả chính: Head, Dominic
Định dạng: Sách
Ngôn ngữ:Undetermined
Được phát hành: Cambridge, U.K.,New York Cambridge University Press 2002
Những chủ đề:
Các nhãn: Thêm thẻ
Không có thẻ, Là người đầu tiên thẻ bản ghi này!
Thư viện lưu trữ: Trung tâm Học liệu Trường Đại học Cần Thơ
LEADER 01241nam a2200229Ia 4500
001 CTU_159779
008 210402s9999 xx 000 0 und d
020 |c 31.99 
082 |a 823.91409 
082 |b H433 
100 |a Head, Dominic 
245 4 |a The Cambridge introduction to modern British fiction, 1950-2000 
245 0 |c Dominic Head 
260 |a Cambridge, U.K.,New York 
260 |b Cambridge University Press 
260 |c 2002 
520 |a Dominic Head demonstrates how the novel yields a special insight into important areas of social and cultural history in the second half of the twentieth-century. His study is the most exhaustive survey of post-war British fiction available. Placing novels in their social and historical context, it includes chapters on the state and the novel, class and social change, gender and sexual identity, national identity, and multiculturalism. Accessible and wide-ranging, this is the most current introduction to the subject available 
650 |a English fiction,Tiểu thuyết Anh 
650 |x History and criticism,Lịch sử và phê bình 
650 |y 20th century,thế kỷ 20 
910 |a Nguyên 
980 |a Trung tâm Học liệu Trường Đại học Cần Thơ